| 000 | 00563 a2200205 4500 | ||
|---|---|---|---|
| 999 |
_c200001202 _d23872 |
||
| 001 | 200001202 | ||
| 003 | TR-AnTOB | ||
| 005 | 20200925134147.0 | ||
| 008 | 161108b tu 000 0 | ||
| 020 | _a9789076301235 | ||
| 040 |
_aTR-AnTOB _cTR-AnTOB |
||
| 041 | _aeng | ||
| 050 | _aJN12 | ||
| 100 | 1 |
_aAldis, Anne, _d1953- _969432 |
|
| 245 | 0 |
_aCommon norms and good practices of civil-military relations in the EU _cAnne Aldis and Margriet Drent, editors. |
|
| 264 | 1 |
_aGroningen, Hollanda: _bHarmonie papers, _c2008 |
|
| 300 | _a184 s.; | ||
| 942 |
_cBK _2lcc |
||